| 000 | 00874nam a22001937a 4500 | ||
|---|---|---|---|
| 999 |
_c64178 _d64178 |
||
| 003 | Ge_BSU | ||
| 005 | 20260427101543.0 | ||
| 008 | 260427s1976 ge ||||| |||| 00| 0 geo d | ||
| 041 | _ageo | ||
| 080 | _a338.45.003.13 : 658.5 კ-36 | ||
| 100 |
_aკაციაშვილი, ზ. _927377 |
||
| 245 |
_aწარმოების ინტენსიფიკაციის სტიმულები / _cზ. კაციაშვილი. |
||
| 264 |
_aთბილისი : _b საბჭ. საქართველო, _c1976. |
||
| 300 |
_a117 გვ. ; _b20 სმ. |
||
| 653 | _aწარმოების ინტენსიფიკაცია | ||
| 653 | _aმუშაობის ხარისხის ამაღლება | ||
| 653 | _aსტიმულირების მექანიზმი | ||
| 942 |
_2udc _cᲬᲘᲒᲜᲘ |
||